000 00487nam a2200181Ia 4500
005 20250508150819.0
008 008 250505s9999 xx 000 0 eng d
037 _aTextual
040 _aFEDL
_beng
_cFEDL
041 _aeng
_2eng
084 _a745.53, ALD
_qFEDL
100 _aAldridge Joan
_9757714
245 0 _aLeather animals
260 _aLondon, UK
_bThe Studio Publications
_c1950
300 _a63p.
942 _cTEXL
_h745.53, ALD
999 _c1325825
_d1325825